000 00523nam a2200193Ia 4500
003 LK-CoDNM
008 010623t1987 xxu||||| |||| 00| 1 eng d
040 _aLK-CoDNM
_dLK-CoDNM
_eLK-CoDNM
041 _aeng
_asin
080 _a37
_bSRI
245 _aඋපදෙස් සංග්‍ර‍හය
246 _aManual of Instructions
260 _bAdhhyapana amathyanshaya
_aBaththaramulla
_c1987
300 _b20, 22 cm
650 _aAllocations
650 _aEducation
650 _aVocational skills
942 _cBK
999 _c113630
_d113630